00613nam a2200181Ia 4500008004100000020001400041040001900055041001200074082002500086100001600111245014200127260002500269300002100294504005000315650002800365651002000393850001800413131103s9999 xx 000 0 und d cRs.145.00 aLoreto College aEnglish a954/BASbLCBED/11459 aBasham,A.L. 4aThe wonder that was Indiab A survey of the history and culture of the Indian sub-continent before the coming of the Muslims cA.L.Basham aCalcuttabRupac1993 axix,572p c 18cm aIncludes bibliographical references and index aHistory - Ancient India aIndia - History aLCBED/954/BAS